000 00693na a2200217 4500
001 19298
003 MIRAKIL
005 20181213155156.0
008 161213b tu 000 0
035 _a19298
040 _aMilas
_btur
_cTR-AnCHP
041 _atur
082 _a352.0072
_bB27 [t.y.]
090 _a352.0072 B27 [t.y.]
245 _aBaşkanından, işçisine herkes Mamak için çalışır...
_cMamak Belediye Başkanlığı
260 _aAnkara
_bMamak Belediye Başkanlığı
_c[t.y.]
300 _a20 s.
_bres.
_c18 sm.
500 _aDış kapakta eser adı: Yeni bir kent doğuyor!...
650 _aYerel yönetimler
_xKent belediyeleri
_zMamak (Ankara)
942 _2ddc
_cBKS
999 _c7999
_d7999